000 00856nam a22002057a 4500
999 _c13241
_d13241
003 AR-CdUCM
008 190411b ||||| |||| 00| 0 spa d
040 _aMUNICIPALIDAD PROVINCIAL DEL CUSCO
_cBIBLIOTECA MUNICIPAL DEL CUSCO
082 _a808.81 /
_bA29
100 _aAguirre Abarca, Silvia Elena
_931543
245 _aEnsayo :
_bOcaso de una dictadura de estilo oriental /
260 _aCusco :
_bPozo,
_c2001.
300 _a88 páginas ;
505 _aContenido : Autogolpe del 05 de abril de 1992 -- Constitución de 1993 -- Actos arbitrarios y dictadura civil -- Vínculos y dominio del estado peruano por el sistema de inteligencia nacional y Vladimiro Montesinos Torres; Rol de las fuerzas Armadas ...
650 _aHistoria
_9136
650 _aFujimori
_931544
650 _aPolítica
_9291
942 _2ddc
_cLIBROS
945 _arah
_d11/04/2019